| 000 | 00353nam a2200121Ia 4500 | ||
|---|---|---|---|
| 008 | 210430s9999 xx 000 0 und d | ||
| 082 | _a620.1126 T347F | ||
| 100 |
_aTetelman A.S.,McEvily A.J. _954824 |
||
| 245 |
_aFracture Of Structural Materials _cTetelman A.S.,McEvily A.J. |
||
| 260 |
_bJohn Willey&Sons _c1967 |
||
| 300 | _a697p. | ||
| 942 |
_cBK _2ddc |
||
| 999 |
_c565587 _d565587 |
||